000
00400nam a2200133Ia 4500
008
151001s9999||||xx |||||||||||||| ||und||
100
_a
कुमुदिनी रांगणेकर
245
_a
हा खेळ संशयाचा
250
_a
1
260
_b
गुलमोहर प्रकाशन सातारा
260
_c
1989
300
_a
24
365
_b
18
999
_c
966861
_d
966858